[Transcript of] particulars of a valuable and highly desirable collegehold enclosed dairy and arable farm situate at Salford in the county of Bedford, to be sold at auction by S. Goodman on Wednesday the 24th day of November 1830... (Record no. 116431)

MARC details
000 -LEADER
fixed length control field 00850ctm a22002175a 4500
001 - CONTROL NUMBER
control field L140693
008 - FIXED-LENGTH DATA ELEMENTS--GENERAL INFORMATION
fixed length control field 071005s1830 xxk eng u
035 ## - SYSTEM CONTROL NUMBER
System control number (Sirsi) u140693
041 0# - LANGUAGE CODE
Language code of text/sound track or separate title eng
100 1# - MAIN ENTRY--PERSONAL NAME
Personal name Goodman, S.
245 01 - TITLE STATEMENT
Title [Transcript of] particulars of a valuable and highly desirable collegehold enclosed dairy and arable farm situate at Salford in the county of Bedford, to be sold at auction by S. Goodman on Wednesday the 24th day of November 1830...
Medium [manuscript]
250 ## - EDITION STATEMENT
Edition statement Transcript of original document
260 ## - PUBLICATION, DISTRIBUTION, ETC.
Date of publication, distribution, etc. n.d.
300 ## - PHYSICAL DESCRIPTION
Extent 4 leaves
Dimensions 33 x 20 cm.
340 ## - PHYSICAL MEDIUM
Material base and configuration Typescript
351 ## - ORGANIZATION AND ARRANGEMENT OF MATERIALS
Hierarchical level Single item
500 ## - GENERAL NOTE
General note Undated typed transcript of the original sale catalogue.
651 4# - SUBJECT ADDED ENTRY--GEOGRAPHIC NAME
Geographic name Bedfordshire
690 ## - LOCAL SUBJECT ADDED ENTRY--TOPICAL TERM (OCLC, RLIN)
Topical term or geographic name as entry element PROPERTY-PROPERTY ACQUISITION AND DISPOSAL-ACQUISITION AND DISPOSAL AT AUCTION
942 ## - ADDED ENTRY ELEMENTS (KOHA)
Suppress in OPAC 0
Holdings
Withdrawn status Lost status Source of classification or shelving scheme Damaged status Not for loan Home library Current library Shelving location Date acquired Total Checkouts Full call number Barcode Date last seen Copy number Price effective from Koha item type
    Dewey Decimal Classification     London London Basement 05/10/2007   BASEMENT BOX 1 140693-1001 06/08/2019 1 06/08/2019 Archive